Moda - Statistics

Estatísticas Gerais
  • Esse quiz foi jogado 103 vezes
  • A pontuação média é 5 de 10
Estatísticas das Respostas
Hint Resposta % Correto
Qual o país mais conhecido nesta área? França
97%
Em que país nasceu Coco Chanel? França
97%
Qual a cidade que é considerada a capital da moda? Milão
80%
Quem era Christian Dior? Estilista
62%
Qual o material utilizado no Egito para fabricar roupa? Linho e algodão
51%
Qual o material utilizado na China para fabricar roupa? Seda
39%
Qual a comunidade que usa roupas de cores alegres e estampas floridas? Hippie
24%
Qual a modelo portuguesa mais conhecida? Sara Sampaio
20%
Em que ano surgiu o sutiã? 1914
13%
Qual o único povo que não evoluiu na moda? Mulçumanos
0%
Nenhum quiz correspondente encontrado
Distribuição das Pontuações
Porcentagem de Pessoas com Cada Pontuação
Percentil de Números Respondidos
Sua Pontuação Histórica
Você não jogou esse quiz